Zaujímavosti z reálií NDR

Guardado en:
Detalles Bibliográficos
Autor principal: Lišková, Danuša
Otros Autores: Richter, Manfred
Formato: Libro
Lenguaje:eslovaco
Publicado: Bratislava Slov. ped. nakl. 1988
Edición:1. vyd.
Etiquetas: Agregar Etiqueta
Sin Etiquetas, Sea el primero en etiquetar este registro!

MARC

LEADER 00000nam a2200000 4500
001 c029201
005 20221128074744.4
041 0 |a slo 
044 |a SK 
245 1 0 |a Zaujímavosti z reálií NDR  |c Danuša Lišková, Manfred Richter 
250 |a 1. vyd. 
264 1 |a Bratislava  |b Slov. ped. nakl.  |c 1988 
300 |a 170 s. 
100 1 |a Lišková, Danuša 
700 1 |a Richter, Manfred